000 00595nam a2200157 a 4500
001 000029036
005 20200930055306.0
008 110412s1981 dr 000 0 spa d
040 _aDO-SdBNP
_bspa
_cBNPHU
082 _axxx
_bC762d
245 1 0 _aDiscurso leido por el Lic. Nestor Contín Aybar presidente de la Suprema Corte de Justicia en la solemne apertura de los tribunales celebrada el 7 de enero de 1981.
260 _aSanto Domingo :
_bSuprema Corte de Justicia
_bEditora del Caribe,
_c[1981].
300 _a22 p. ;
_c22 cm.
710 2 _aSuprema Corte de Justicia
_935963
049 _aBNPD
999 _c28528
_d28528